00585nam a22001817a 450000500170000000800410001702000180005804000210007604100080009708200160010524500810012125000100020226000580021230000100027065000600028070000340034070000290037420240520060716.0240520b |||||||| |||| 00| 0 eng d a9789384900069 aIN-DiNCcIN-DiNC deng a011.75bSUM aSummary of Doctoral theses/ced. by Basanta Mangal Dutta and Jayanta Boiragi bV. 10 aGuwahati:bAssam College Teachers Association,c2024. a283p. aAbstract of the theses of the college teachers of Assam aDutta, Basanta MangaleEditor aBoiragi, JayantaeEditor